| 000 | 02363 a2200193 4500 | ||
|---|---|---|---|
| 001 | 59310 | ||
| 005 | 20260407155847.0 | ||
| 008 | 260407a1966 arg spa d | ||
| 003 | AR-UNSa-BCEJYS | ||
| 040 |
_aAR-UNSa-BCEJYS _bspa _cAR-UNSa-BCEJYS |
||
| 080 |
_a338(4) _xSituación económica de Europa. Política económica. Gestión de la economía. Planificación de la economía. Producción. Servicios. Precios |
||
| 245 | 1 | 0 | _aManual de derecho de las comunidades europeas |
| 264 | 1 |
_aBuenos Aires : _bBID/INTAL (Banco Interamericano de Desarrollo. Instituto para la integración de América Latina) _c1966 |
|
| 300 |
_a755 p. _c23 cm. |
||
| 505 | _aParte I: Elementos y estructuras análogos o comunes a las tres Comunidades: 1. Las instituciones – 2. Las fuentes del derecho – 3. Los sujetos – 4. Las disposiciones financieras – Parte II: Estructura y aspectos particulares de la Comunidad Europea del Carbón y del Acero: 1. Los principios fundamentales – 2. Las empresas – 3. Las Disposiciones transitorias – 4. Las inversiones. Las intervenciones financieras y las ayudas – 5. Las intervenciones sobre la producción – 6. El régimen de la competencia – 7. Salarios y movimientos de la mano de obra – 8. Transportes – Parte III: La estructura y los aspectos particulares de la comunidad económica europea: 1. Principios fundamentales – 2. La libre circulación de las mercancías – 3. La agricultura – 4. La libre circulación de las personas y los servicios – 5. La libre circulación de los capitales – 6. Transportes – 7. Las reglas de competencia – 8. Las disposiciones físcales – 9. La aproximación de las legislaciones – 10. La política económica de la comunidad – 11. La política social – 12. El Banco Europeo de Inversiones – 13. Asociación de los países y territorios de ultramar – 14. Los acuerdos de asociación con Grecia y Turquía – Parte 4: Estructura y aspectos particulares de la comunidad europea de la energía atómica: 1. Objeto de la comunidad – 2. Desarrollo de la investigación y la difusión de los conocimientos científicos y técnicos – 3. La protección sanitaria y el control de seguridad – 4. La producción de la energía nuclear – 5. El Mercado Común Nuclear | ||
| 942 | _cBK | ||
| 590 | _aniveau_biblio:m niveau_hierar:0 | ||
| 100 | 1 | _aCatalano, Nicola | |
| 999 |
_c6645 _d6645 |
||